Disperzná mikroextrakcia kvapalina-kvapalina na izoláciu rezíduí pesticídov

Gespeichert in:
Bibliographische Detailangaben
1. Verfasser: Brišová, Mária (Verfasst von)
Weitere Verfasser: Hrouzková, Svetlana, 1969- (Betreuung Doktorarbeit)
Format: Manuskript Buch
Sprache:Slowakisch
Veröffentlicht: 2015
Schlagworte:
Online-Zugang:http://is.stuba.sk/zp/portal_zp.pl?podrobnosti=113161
Tags: Tag hinzufügen
Keine Tags, Fügen Sie das erste Tag hinzu!

MARC

LEADER 00000ntm a22000003a 4500
001 stuzp53041
003 SK-STU
005 20160719154347.3
007 ta
008 150427s2015----xo-----f-mn---000-0-slo-d
040 |a STU  |b slo 
041 0 |a slo 
100 1 |a Brišová, Mária  |u 041180  |4 aut  |U FCHPT Ústav analytickej chémie  |T FCHPT Oddelenie analytickej chémie  |X 44022  |U C1180  |Y 108  |7 44022 
242 0 1 |a Dispersive liquid-liquid microextraction for isolation of pesticide residues  |y eng 
245 1 0 |a Disperzná mikroextrakcia kvapalina-kvapalina na izoláciu rezíduí pesticídov 
260 |c 2015 
650 4 |a disperzná mikroextrakcia v systéme kvapalina-kvapalina  |2 slo 
650 4 |a alkoholické nápoje  |2 slo 
650 4 |a rezíduá pesticídov  |2 slo 
650 4 |a GC-MS  |2 slo 
650 4 |a alcoholic drinks  |2 eng 
650 4 |a dispersive liquid-liquid microextraction  |2 eng 
650 4 |a pesticide residues  |2 eng 
650 4 |a GC-MS  |2 eng 
700 1 |a Hrouzková, Svetlana,  |d 1969-  |4 ths  |X 3892  |7 A000003892 
856 4 |u http://is.stuba.sk/zp/portal_zp.pl?podrobnosti=113161 
SQL |a stuzp53041  |b DDP  |c SLO  |d Disperzná mikroextrakcia kvapalina-kvapalina na izoláciu rezíduí pesticídov  |e 44022  |f Brišová, Mária  |g 041180  |h 3892  |i Hrouzková, Svetlana  |j 20150608  |k 127  |l 04  |m http://is.stuba.sk/zp/portal_zp.pl?podrobnosti=113161  |n I-oTCHEM  |o 4.1.14. chémia, 5.2.18. chemické technológie